| 000 | 00494nam a2200181 a 4500 | ||
|---|---|---|---|
| 001 | 2189 | ||
| 003 | CDMR | ||
| 005 | 20131007163451.0 | ||
| 008 | 130130s1987||||||||||||||||||||||||||||d | ||
| 020 | _a8450551811 | ||
| 040 |
_aCDMR _bcat _cCDMR |
||
| 100 | 1 |
_aRosell Pujol, Josep Antoni _91629 |
|
| 245 | 1 | 3 |
_aLa premsa a Lleida _cJosep A. Rosell i Pujol |
| 260 |
_aLleida _c1987 _bAjuntament de Lleida |
||
| 490 | 0 | _aLa Banqueta | |
| 490 | 0 |
_aQuaderns de divulgació ciutadana _v8 |
|
| 942 |
_cMON _2udc |
||
| 999 |
_c2189 _d2189 |
||